Assaig sobre la història de la societat civil / Adam Ferguson ; traducció, edició i pròleg a cura de Lluís Flaquer
Descripción Física:
282 p. ; 19 cm
Colección:
Clàssics del pensament modern ; 45
Otros Autores:
Flaquer, Lluís, 1946-
Materias:
Sociologia
MARC
| LEADER | 00000nam a2200000Ia 4500 | ||
|---|---|---|---|
| 001 | 8952 | ||
| 008 | 160829s1989 xx 000 0 cat d | ||
| 080 | |a M-2-155 | ||
| 100 | |a Ferguson, Adam |9 27767 | ||
| 245 | |a Assaig sobre la història de la societat civil / Adam Ferguson ; traducció, edició i pròleg a cura de Lluís Flaquer | ||
| 260 | |a Barcelona : |b Edicions 62 : |b Diputació de Barcelona, |c 1989 | ||
| 300 | |a 282 p. ; |c 19 cm | ||
| 490 | |a Clàssics del pensament modern ; 45 | ||
| 650 | |a Sociologia |9 33190 | ||
| 700 | 1 | |a Flaquer, Lluís, |d 1946- |e traductor, autor del pròleg, editor |9 35707 | |
| 901 | |a Arxiu | ||
| 942 | |n 1 |2 udc | ||
| 952 | |0 0 |1 0 |4 0 |6 M2155 |7 1 |9 44541 |a Arxiu |b Arxiu |d 2016-12-01 |l 0 |o M-2-155 |p 8952 |r 2016-12-01 00:00:00 |w 2016-12-01 |y ARXIU | ||
| 999 | |c 47122 |d 47122 | ||